Meisten Abstiege aus der Bundesliga - Statistiken

Allgemein
  • Dieses Quiz wurde 172 mal gespielt
  • Das Durchschnittsergebnis liegt bei 13 aus 19
Antwortstatistiken
Abstiege Mannschaft % Korrekt
6 1. FC Köln
93%
9 1. FC Nürnberg
91%
7 Hertha BSC
86%
5 FC Schalke 04
83%
6 VFL Bochum
79%
6 Hannover 96
78%
6 Fortuna Düsseldorf
77%
8 DSC Arminia Bielefeld
74%
4 Eintracht Frankfurt
72%
6 MSV Duisburg
72%
4 1860 München
70%
4 SC Freiburg
70%
5 1. FC St. Pauli
68%
4 Eintracht Braunschweig
68%
6 Karlsruher SC
67%
4 SC Darmstadt
67%
4 1. FC Saarbrücken
38%
4 FC Offenbacher Kickers
36%
5 KFC Uerdingen
21%
Keine übereinstimmenden Quizze gefunden
Verteilung der Resultate
Anzahl Personen mit jedem Resultat
Perzentil nach korrekt beantworteten Fragen
Ihre Resultats-Entwicklung
Sie haben dieses Quiz noch nicht gespielt